Name the countries by their laws - Statistics

General Stats
  • This quiz has been taken 23 times
    21 since last reset
  • The average score is 7 of 40
Answer Stats
Hint Answer % Correct
It's illegal to chew gum in Singapore
62%
It's illegal to kill Bigfoot in Canada (British Columbia)
52%
It's illegal to hike naked in Switzerland
43%
It's illegal to reincarnate without permission in China
38%
It's illegal to take selfies with Buddha in Sri Lanka
38%
You must provide for your elderly parents in China
33%
It's illegal to handle salmon suspiciously in United Kingdom
33%
Men must wear speedos at the beach in France
29%
It's illegal to run out of gas on the highway in Germany
29%
You cannot be overweight in Japan
29%
It’s illegal to go into a coffeeshop if you’re under 18 in Netherlands
29%
It's illegal to have water pistols on New Year's in Cambodia
24%
Men cannot wear strapless gowns in USA (Florida)
24%
It's illegal to dance in the dark after midnight in Japan
19%
It's illegal to drive a dirty car in Russia
19%
You can't turn off your phone's camera sound in South Korea
19%
It's illegal for your chicken to cross the road in Georgia
14%
It's illegal to feed pigeons in Italy (Venice)
14%
It's illegal to pee in the ocean in Portugal
14%
It's illegal to build a sandcastle in Spain
14%
You can't flush the toilet after hours in Sweden
14%
It's illegal to wear a fake mustache at church in USA (Alabama)
14%
It's illegal to disrupt a wedding in Australia
10%
Married women can only have one glass of wine in Bolivia
10%
It's illegal to wear a mask in public in Denmark
10%
You must walk your dog daily in Italy (Rome)
10%
It's illegal to ride a cow while drunk in Scotland
10%
It's illegal to wrestle a bear in South Africa
10%
It's illegal to be shirtless anywhere but the beach or a pool in Spain (Barcelona)
10%
It's illegal to swear in U.A.E
10%
You must honk when passing a car in USA (New Jersey)
10%
Flying a kite Is also illegal in Argentina
5%
It's illegal to fly a kite in Australia (Victoria)
5%
It's illegal to pay with too many coins in Canada
5%
It's illegal to climb a tree in Canada (Toronto)
5%
Taxi drivers must pay royalty fees for songs they play in their Cars in Finland
5%
You cannot die without a pre-purchased burial plot in France
5%
You can't kiss on the street in Mexico (Guanajuato)
5%
It's illegal to drink alcohol in public in Poland
5%
Don't hang your dirty laundry in public in Trinidad and Tobago
5%
No matching quizzes found
Score Distribution
Percent of People with Each Score
Percentile by Number Answered
Your Score History
You have not taken this quiz since the last reset